000 00772nam a2200241 a 4500
001 51260
003 BD-RjUL
005 20211209075631.0
008 160830s1953 enka 001 0 eng d
035 _a(BD-RjUL)51380
040 _aNSL
_cNSL
_dEQO
_dBD-RjUL
_beng
041 _aeng
082 _223
_a516.8
_bWEE 1953
100 1 _aWeatherburn, C. E.
_9151894
245 1 0 _aElementary vector analysis :
_bwith application to geometry and physics /
_cC. E. Weatherburn
260 _aLondon :
_bG. Bell and Sons, Ltd.,
_c1953.
300 _axxvii, 184 p. :
_bill. ;
_c22 cm.
490 1 _aBell's mathematical series. Advanced section
500 _aIncludes index.
650 0 _aVector analysis.
_9153344
830 0 _aBell's mathematical series.
_9152615
942 _2ddc
_cBK
999 _c51260
_d51260